[Event "HCL-A2527"]
[Site "www.playchess.de"]
[Date "2006.01.18"]
[Round "19"]
[White "zemljanin"]
[Black "dynamike"]
[WhiteElo "1437"]
[BlackElo "1475"]
[PlyCount "87"]
[Result "1-0"]

1.d4 {hi}  Nf6 2.f3 e6 {hi}  3.e4 Nxe4 4.fxe4 Qh4+ 
5.Ke2 Qxe4+ 6.Be3 c5 7.Nc3 Qg6 8.dxc5 Nc6 9.Kd2 d5 
10.cxd6 {happy new year!}  Bxd6 11.g3 Bb4 12.Bd3 
f5 13.a3 Bxc3+ 14.Kxc3 Qf6+ 15.Kb3 e5 16.Ka2 Be6+ 
17.b3 Rd8 18.Qe2 e4 19.Bb5 O-O 20.Bxc6 bxc6 21.Nh3 
h6 22.Nf4 Bf7 23.Bxa7 g5 24.Ng2 Qe7 25.Be3 Rda8 
26.a4 Rxa4+ 27.Kb2 Qe5+ 28.c3 Rb4 29.Ra3 Rfb8 
30.Kc2 Bxb3+ 31.Rxb3 R4xb3 32.Qc4+ Qd5 33.Qxd5+ 
cxd5 34.Bc1 R3b6 35.Ne3 {good atack it was, see 
you tomorrow...}  R6b5 36.Nxf5 Kh7 37.Rd1 Rf8 
38.g4 Ra8 39.Bb2 Ra2 40.Rb1 h5 41.h3 hxg4 42.hxg4 
Kg6 43.Ne3 Kf6 44.c4+ 1-0

[Event "HCL-A2559"]
[Site "www.playchess.de"]
[Date "2006.01.18"]
[Round "5"]
[White "guanzi"]
[Black "gridguy"]
[WhiteElo "1633"]
[BlackElo "1745"]
[PlyCount "50"]
[Result "0-1"]

1.c4 {Hello from stockholm sweden and good luck.}  
e5 {Yes... good luck and Happy New Year from 
Seattle.}  2.Nc3 {thx}  Nf6 3.g3 d5 4.cxd5 Nxd5 
5.Bg2 Nb6 6.d3 Be7 7.Nf3 Nc6 8.O-O Be6 9.b3 Qd7 
10.Bb2 Bh3 11.Ne4 Bxg2 12.Kxg2 Nd4 13.Nxd4 exd4 
14.Rc1 f5 15.Nd2 O-O-O 16.Nc4 Nxc4 17.Rxc4 c5 
18.Kg1 Kb8 19.Qd2 b6 20.h4 Bd6 21.a4 f4 22.Kh2 Qg4 
23.Rg1 fxg3+ 24.fxg3 Qxh4+ 25.Kg2 
Qxg3+ 0-1

[Event "HCL-B3804"]
[Site "www.playchess.de"]
[Date "2006.01.18"]
[Round "13"]
[White "aquiles"]
[Black "ulibear"]
[WhiteElo "1341"]
[BlackElo "1264"]
[PlyCount "39"]
[Result "1-0"]

1.d4 d5 2.Bf4 c6 3.e3 Nd7 4.Nf3 Ndf6 5.c4 e6 6.c5 
b6 7.b4 bxc5 8.bxc5 Qa5+ 9.Nbd2 Ne4 10.Be2 Be7 
11.O-O g5 12.Nxe4 gxf4 13.Neg5 fxe3 14.fxe3 h6 
15.Nh3 Rb8 16.Ne5 Bd7 17.Rxf7 Nf6 18.Bh5 Nxh5 
19.Qxh5 Kd8 20.Rxe7 1-0

[Event "HCL-C3952"]
[Site "www.playchess.de"]
[Date "2006.01.18"]
[Round "18"]
[White "foxcar"]
[Black "Milosforman"]
[WhiteElo "1096"]
[BlackElo "1011"]
[PlyCount "69"]
[Result "1-0"]

1.e4 {hi, have a good game}  Nc6 2.Bc4 e6 3.Nf3 d5 
4.exd5 exd5 5.Bb5 Bd7 6.O-O a6 7.Bd3 b5 8.c3 Bd6 
9.Bc2 Nge7 10.d4 b4 11.c4 dxc4 12.Qe2 Be6 13.Nbd2 
c3 14.bxc3 bxc3 15.Ne4 Bb4 16.a3 Ba5 17.Nc5 Nd5 
18.Be4 f5 19.Nxe6 Qd6 20.Nxg7+ Kd8 21.Nxf5 Qf6 
22.Bg5 Qxg5 23.Nxg5 {merry christmas!}  Nf4 24.Qe3 
Nh5 25.Nf7+ Kc8 26.Nxh8 Kb7 27.Rab1+ Bb6 28.Nf7 
Re8 29.N7d6+ cxd6 30.Nxd6+ Kc7 31.Nxe8+ Kd7 
32.Bf5+ Kd8 33.Rxb6 Ng3 34.fxg3 c2 
35.Rxc6 1-0

[Event "HCL-C3982"]
[Site "www.playchess.de"]
[Date "2006.01.18"]
[Round "2"]
[White "Milosforman"]
[Black "JerryReneau"]
[WhiteElo "1027"]
[BlackElo "1117"]
[PlyCount "58"]
[Result "0-1"]

1.d4 d5 2.Nf3 e6 3.e3 c5 4.Bb5+ Bd7 5.Bxd7+ Nxd7 
6.dxc5 Bxc5 7.a3 Ngf6 8.b4 Bd6 9.Bb2 O-O 10.c3 Ne5 
11.Nxe5 Bxe5 12.f4 Bc7 13.Nd2 Bb6 14.c4 dxc4 
15.Nxc4 Qxd1+ 16.Rxd1 Rac8 17.Nd6 Rc7 18.Nb5 Rc2 
19.Nd6 Rxb2 20.O-O Bxe3+ 21.Kh1 Ng4 22.Ne4 Bb6 
23.f5 exf5 24.Rxf5 g6 25.Nf6+ Nxf6 26.Rxf6 Re8 
27.h3 Bc7 28.Rd7 Rb1+ 29.Rf1 Rxf1+ 0-1

[Event "HCL-B3821"]
[Site "www.playchess.de"]
[Date "2006.01.18"]
[Round "17"]
[White "IRONMAIDEN"]
[Black "tusnelda"]
[WhiteElo "1382"]
[BlackElo "1182"]
[PlyCount "70"]
[Result "0-1"]

1.e4 e5 2.Nc3 Nf6 3.d3 c5 4.Be3 d6 5.Be2 Be7 6.Qd2 
Nc6 7.Nf3 Ng4 8.h3 Nxe3 9.Qxe3 Nd4 10.Nxd4 cxd4 
11.Qd2 Bg5 12.Qd1 dxc3 13.b3 Bd2+ 14.Kf1 Qf6 
15.Bg4 Be6 16.Kg1 g6 17.Qe2 h5 18.Bxe6 Qxe6 19.b4 
b5 20.Qd1 a6 21.a4 O-O 22.Kh2 Qf6 23.Qe2 Rfb8 
24.a5 Rbe8 25.Rhd1 Rac8 26.f3 h4 27.Rxd2 cxd2 
28.Qxd2 Qf4+ 29.Qxf4 exf4 30.Ra2 Rc3 31.Kg1 Rec8 
32.d4 R3xc2 33.Rxc2 Rxc2 34.d5 f6 35.Kf1 
Rc4 0-1

[Event "ACL-A641"]
[Site "www.playchess.de"]
[Date "2006.01.18"]
[Round "7"]
[White "BDG_Girl"]
[Black "chess50"]
[WhiteElo "1753"]
[BlackElo "1500"]
[PlyCount "51"]
[Result "1-0"]

1.d4 {Hello and good luck!}  d5 2.e4 dxe4 3.Nc3 e5 
4.Nge2 exd4 5.Qxd4 Qxd4 6.Nxd4 Nf6 7.Bg5 Be7 
8.O-O-O Bd7 9.Bc4 O-O 10.Rhe1 h6 11.Bxf6 Bxf6 
12.Nxe4 Be7 13.Nb5 Rc8 14.Nbc3 Bc6 15.Nd5 Bf8 {i 
offer draw [1/2]}  16.Ng3 {I'd prefer to play on!} 
 b5 17.Nf5 Bxd5 18.Bxd5 c6 19.Bf3 {Merry Christmas 
and my God Bless you and your family!}  a5 {Merry 
Christmas and my God Bless you and your family!}  
20.h4 Bc5 21.Re5 Na6 22.Nd6 Rcd8 23.Bxc6 Rab8 
24.Ne4 Bd4 25.Rd5 Rxd5 26.Bxd5 1-0

[Event "HCL-B3797"]
[Site "www.playchess.de"]
[Date "2006.01.18"]
[Round "1"]
[White "PhilipKaveny"]
[Black "spartan1"]
[WhiteElo "1384"]
[BlackElo "908"]
[PlyCount "115"]
[Result "1-0"]

1.e4 e5 2.f4 d5 3.exd5 Qxd5 4.Nc3 Qe6 5.fxe5 Qxe5+ 
6.Qe2 Qxe2+ 7.Ncxe2 Nf6 8.d3 Bd6 9.Nf3 O-O 10.h3 
Re8 11.Kf2 Nc6 12.c3 Bf5 13.Ng3 Bxg3+ 14.Kxg3 
{That came out of nowhere}  h6 15.Bd2 Rad8 16.d4 
b5 17.Bxb5 Re6 {I had other plans for that pawn, 
thank you.}  18.Bxc6 {Why is your rating so low 
you play like a demom}  Rxc6 {Just not very good I 
guess.  But thanks for the compliment.}  19.Kf2 
Ne4+ 20.Kg1 f6 21.g4 Be6 22.Rh2 Bd5 23.Nh4 Kh7 
24.Nf5 Rb6 25.b3 Rc6 26.Ne7 Re6 27.Nxd5 Rxd5 28.h4 
c5 29.g5 fxg5 30.hxg5 Nxg5 31.Bxg5 Rxg5+ 32.Rg2 
Reg6 33.Rxg5 Rxg5+ 34.Kf2 a5 35.dxc5 Rxc5 36.c4 h5 
37.Rd1 a4 38.Rd5 Rc6 39.Rxh5+ Kg6 40.Ra5 Rd6 
41.Rxa4 Rd2+ 42.Ke3 Rh2 43.c5 Rc2 44.b4 Kh5 45.Kd4 
g5 46.Kd3 Rg2 47.a3 g4 48.Kc4 g3 49.Ra7 Ra2 50.Kb3 
Ra1 51.Rg7 Kh4 52.c6 Rc1 53.b5 Kh3 54.Ka4 g2 
55.Ka5 g1Q 56.Rxg1 Rxg1 57.c7 Rc1 {I started too 
late moving my pawn. God strategy on your part.}  
58.Kb6 1-0

[Event "HCL-E1502"]
[Site "www.playchess.de"]
[Date "2006.01.18"]
[Round "35"]
[White "pkchess"]
[Black "Abra"]
[WhiteElo "1660"]
[BlackElo "1544"]
[PlyCount "107"]
[Result "1-0"]

1.e4 e5 {Hello again,gg
}  2.Nf3 Nc6 3.Bb5 Nge7 4.d4 exd4 5.Nxd4 Nxd4 
6.Qxd4 c6 7.Bc4 d5 8.exd5 Nxd5 9.Bxd5 Qxd5 10.Qxd5 
cxd5 11.O-O Be6 12.Nc3 Bc5 13.Bf4 O-O 14.Rad1 Rad8 
15.Ne2 h6 16.Nd4 Bxd4 17.Rxd4 Rd7 18.Rfd1 Rc8 
19.c3 b5 20.Be3 a5 21.h3 Rc4 22.Kh2 g5 23.h4 gxh4 
24.Bxh6 f6 25.Be3 Kg7 26.f3 Kg6 27.Bf2 Kg5 
28.Bxh4+ Kg6 29.Kg1 a4 30.Bf2 f5 31.Re1 Kf6 32.Rh4 
Rxh4 33.Bxh4+ Kf7 34.Bf2 Rc7 35.Bd4 Rc4 36.Kf2 b4 
37.Rh1 bxc3 38.bxc3 Kg6 {(offering draw)}  39.a3 
{lets play a few more moves ok?}  Rc8 {OK}  40.Rb1 
f4 41.Rb6 Kf5 42.Ra6 Rc4 43.Ra8 Rc8 44.Rxa4 Rc4 
45.Ra7 Rc8 46.a4 Rc4 47.g4+ Kg6 48.Ra6 Kf7 49.Kg2 
Ke7 50.Kh3 Bd7 51.a5 Be6 52.Kh4 Rc8 53.Kg5 Rf8 
54.Bc5+ 1-0

[Event "ACL-A646"]
[Site "www.playchess.de"]
[Date "2006.01.18"]
[Round "1"]
[White "Franciscan"]
[Black "SidPistol"]
[WhiteElo "1500"]
[BlackElo "1588"]
[PlyCount "87"]
[Result "1-0"]

1.d4 d5 2.c4 {Many greetings from Czech republic 
to you in USA.}  dxc4 {I accept. Good to meet you 
and good game, my friend.}  3.e3 Nf6 4.Bxc4 e6 
5.Nf3 {Be so kind and write me, please, in which 
state (and town, too) you are living.}  c5 {Yes, I 
live in Los Angeles California. It's raining just 
a little today. Your english is very very good.}  
6.O-O {Thank you for your answer.Your English is 
certainly much better.I have passed exam from 
English in 1964, but I haven´t had opportunity to 
speak or write English for ages.}  a6 {Maybe 
someday, I will learn to speak it correctly. :)}  
7.e4 b5 8.Bd3 Bb7 9.e5 Nd5 10.Be4 h6 11.Qe2 c4 
12.Nc3 Be7 13.Ne1 O-O 14.Nc2 Qd7 15.Re1 b4 16.Nxd5 
exd5 17.Bf3 Nc6 18.Rd1 Nd8 19.Bg4 Ne6 20.Bf5 Rfe8 
21.Qg4 Kh8 22.Ne3 Bf8 23.Bc2 Bc6 24.b3 cxb3 
25.axb3 Bb5 26.Bb2 Rac8 27.f4 Rc6 28.Bb1 Rd8 
29.Qf5 g6 30.Qf6+ {Merry Christmas !}  Kg8 {Merry 
Christmas to you as well! :)}  31.Qh4 Qe7 32.Qg3 
Kh8 33.Qf3 Qd7 34.f5 Ng5 35.Qg4 gxf5 36.Bxf5 Ne6 
37.Rd2 Qe7 38.Rf2 Qg5 39.Qf3 Qg7 40.h4 Be7 41.Qh5 
Bf8 42.Ng4 Rb6 43.Nf6 Nc7 44.Bc1 1-0

[Event "ACL-E202"]
[Site "www.playchess.de"]
[Date "2006.01.18"]
[Round "13"]
[White "ZinTho"]
[Black "Fred31"]
[WhiteElo "1998"]
[BlackElo "1728"]
[PlyCount "33"]
[Result "1-0"]

1.d4 {Hello again, Thomas}  d5 2.c4 dxc4 3.Nf3 Nf6 
4.e3 b5 5.a4 Ba6 6.axb5 Bxb5 7.Nc3 Bc6 8.Ne5 Bb7 
9.Bxc4 e6 10.Qb3 Bxg2 11.Rg1 Bh3 12.Qb7 Nbd7 
13.Bb5 Rb8 14.Qxa7 Be7 15.Nc6 Ra8 16.Qxa8 Qxa8 
17.Rxa8+ 1-0

[Event "HCL-E1533"]
[Site "www.playchess.de"]
[Date "2006.01.18"]
[Round "7"]
[White "Abra"]
[Black "HOTSUN"]
[WhiteElo "1500"]
[BlackElo "1626"]
[PlyCount "72"]
[Result "0-1"]

1.e4 {Hello again,gg
}  e5 {hi again}  2.Bc4 Nc6 3.d3 d6 4.a3 a6 5.h3 
h6 6.Nf3 Qf6 7.Nc3 Nge7 8.Nd5 Nxd5 9.Bxd5 Ne7 
10.Ba2 Be6 11.c4 c6 12.b4 b5 13.cxb5 Bxa2 14.Rxa2 
axb5 15.Bb2 Ng6 16.O-O Nf4 17.Nh2 g5 18.Ng4 Qe6 
19.Ra1 Be7 20.Ne3 Qg6 21.Nf5 h5 22.Nxe7 Kxe7 23.f3 
g4 24.fxg4 Rag8 25.Bc1 hxg4 26.hxg4 Rh4 27.Bxf4 
Rxg4 28.Kf2 Rxf4+ 29.Ke3 Qh6 30.Rh1 Rxe4+ 31.Kf2 
Qe3+ 32.Kf1 {Congratulations.}  Rf4+ {thanks gg.i 
think 22 nxe7 helped me a lot.it swoped a strong 
kn for a weak bis and let me push my peices 
forward.otherwise the game would probably have 
been a draw.}  33.Qf3 Rxf3+ 34.gxf3 Qxf3+ 35.Ke1 
Rg2 36.Ra2 Rxa2 0-1

[Event "HCL-C4035"]
[Site "www.playchess.de"]
[Date "2006.01.18"]
[Round "12"]
[White "donsimon"]
[Black "O_Man"]
[WhiteElo "1037"]
[BlackElo "1156"]
[PlyCount "65"]
[Result "1-0"]

1.e4 c5 2.d4 Nf6 3.e5 Nd5 4.dxc5 Qa5+ 5.Bd2 Qxc5 
6.Qe2 Qxc2 7.Qb5 Qe4+ 8.Qe2 Qxe2+ 9.Bxe2 Nc6 
10.Nf3 g6 11.Bc4 e6 12.O-O Bg7 13.Bxd5 exd5 14.Bc3 
O-O 15.Re1 Re8 16.b3 b6 17.Nbd2 Ba6 18.a4 Re7 
19.Rad1 Rae8 20.b4 Bxe5 21.Rdc1 Bxc3 22.Rxe7 Rxe7 
23.Rxc3 Nxb4 24.g3 Nc6 25.h4 b5 26.axb5 Bxb5 
27.Rc5 d4 28.Rxb5 f5 29.Rd5 a5 30.Nxd4 Nxd4 
31.Rxd4 Re4 32.Nxe4 fxe4 33.Rxe4 1-0

[Event "HCL-E1537"]
[Site "www.playchess.de"]
[Date "2006.01.18"]
[Round "3"]
[White "temple"]
[Black "Rochemback"]
[WhiteElo "1727"]
[BlackElo "1511"]
[PlyCount "33"]
[Result "1-0"]

1.d4 {Hello from Canada}  Nf6 {hello from 
portugal}  2.c4 e6 3.Nf3 d5 4.e3 Nc6 5.a3 h6 6.Nc3 
a6 7.b3 Bd6 8.Bd3 O-O 9.O-O Re8 10.Bb2 Rb8 11.c5 
Be7 12.b4 b6 13.Qe2 a5 14.b5 Na7 15.c6 Qd6 16.a4 
Bd8 17.Ba3 1-0

[Event "HCL-B3770"]
[Site "www.playchess.de"]
[Date "2006.01.18"]
[Round "1"]
[White "DrNickRiviera"]
[Black "mib"]
[WhiteElo "1146"]
[BlackElo "863"]
[PlyCount "109"]
[Result "1/2-1/2"]

1.e4 e5 2.Nf3 Nc6 3.c3 Bc5 4.b4 Bb6 5.Bc4 d6 6.b5 
Nce7 7.d4 exd4 8.Nxd4 Bxd4 9.Qxd4 Nf6 10.Bg5 c5 
11.Qe3 Ng4 12.Qf3 Ne5 13.Qg3 a5 14.Nd2 b6 15.O-O 
O-O 16.Bh6 Bg4 17.Bg5 Kh8 18.f3 Bh5 19.f4 Nxc4 
20.Nxc4 Bg6 21.Qf3 Rb8 22.f5 f6 23.Bh4 Bf7 24.Ne3 
Ng8 25.Rad1 Bxa2 26.c4 Qe8 27.Rxd6 Ne7 28.Rf2 Bb3 
29.Rd3 a4 30.Bg3 Rd8 31.Nd5 Nxd5 32.cxd5 Bc4 
33.Rdd2 Bxb5 34.Bc7 Rc8 35.d6 h6 36.Bxb6 Rc6 37.d7 
Qe7 38.d8Q Rxd8 39.Bxd8 Qe5 40.Rd5 Qa1+ 41.Rd1 Qe5 
42.Rfd2 Rc8 43.R2d5 Qb2 44.e5 Be2 45.R1d2 Qc1+ 
46.R2d1 Bxf3 47.gxf3 Qe3+ 48.Kf1 Qxf3+ 49.Kg1 Qg4+ 
50.Kh1 Qxf5 51.exf6 Qf3+ 52.Kg1 Qe3+ 53.Kh1 Qf3+ 
54.Kg1 Qe3+ 55.Kh1 {(offering draw)} 
 1/2-1/2

[Event "HCL-E1502"]
[Site "www.playchess.de"]
[Date "2006.01.18"]
[Round "18"]
[White "Abra"]
[Black "Tarrega"]
[WhiteElo "1544"]
[BlackElo "1509"]
[PlyCount "137"]
[Result "1/2-1/2"]

1.e4 {Hello, wish you a nice game from the 
Netherlands.
}  c5 {same to you from the US}  2.Nf3 e6 3.c3 d5 
4.Bb5+ Bd7 5.Bxd7+ Nxd7 6.exd5 exd5 7.d4 Ngf6 
8.O-O Be7 9.dxc5 Nxc5 10.Re1 O-O 11.Bg5 h6 12.Bh4 
Re8 13.h3 Qc7 14.Bxf6 Bxf6 15.Qxd5 Rxe1+ 16.Nxe1 
Rd8 17.Qf3 Qb6 18.Qe2 Qd6 19.Na3 Qd2 20.Qxd2 Rxd2 
21.Nc4 Re2 22.Kf1 Re6 23.Rd1 b5 24.Nd6 a6 25.Nf5 
Na4 26.Rd2 Nb6 27.Nd4 Bxd4 28.Rxd4 Nc4 29.b3 Nd6 
30.g4 Ne4 31.c4 bxc4 32.bxc4 Kf8 33.Nd3 Nd2+ 
34.Kg2 Ne4 35.c5 Re8 36.Ra4 Re6 37.a3 Nc3 38.Ra5 
Ke7 39.Nb4 Kd7 40.c6+ Kc7 41.Rxa6 Re7 42.Kf3 g5 
43.Ra7+ Kd8 44.Rxe7 Kxe7 45.Ke3 Kd6 46.Kd3 Nb5 
47.Ke4 Ke6 48.a4 Nc3+ 49.Kd4 Nxa4 50.c7 Kd7 51.Na6 
Nb2 52.Kc5 Nd3+ 53.Kb6 Kc8 54.Nb8 Nb4 55.Kc5 Kxc7 
56.Kxb4 Kxb8 57.Kc5 Kc7 58.Kd5 Kd7 59.Ke5 Ke7 
60.Kf5 Ke8 61.f4 gxf4 62.Kxf4 Kf8 63.Kf5 Kg7 64.g5 
hxg5 65.Kxg5 f6+ 66.Kh5 Kh7 67.h4 Kg7 68.Kg4 Kg6 
69.h5+ {(offering draw)}  1/2-1/2

[Event "HCL-B3826"]
[Site "www.playchess.de"]
[Date "2006.01.18"]
[Round "10"]
[White "chessH"]
[Black "foinaven"]
[WhiteElo "1275"]
[BlackElo "1423"]
[PlyCount "66"]
[Result "0-1"]

1.e4 c5 {Happy New Year}  2.Nf3 {thx, same to you} 
 Nc6 3.Be2 d6 4.O-O Nf6 5.Nc3 g6 6.d4 Nxd4 7.Nxd4 
cxd4 8.Qxd4 Bg7 9.Bb5+ Bd7 10.e5 dxe5 11.Qxe5 Bxb5 
12.Nxb5 O-O 13.Qe2 a6 14.Nc3 b5 15.Bg5 Qc7 16.Rad1 
Rfd8 17.h4 h5 18.g3 e6 19.Bf4 Qc6 20.Be5 Ng4 
21.Bxg7 Kxg7 22.Ne4 Rac8 23.c3 Qb6 24.Ng5 Rde8 
25.Qf3 f6 26.Rd7+ Kg8 {My last move was too hasty} 
 27.Ne4 f5 28.Qf4 Rcd8 29.Rfd1 Kf8 30.Kg2 Qc6 
31.R7d6 e5 32.Qg5 Qxe4+ 33.Kg1 
Rxd6 0-1

[Event "HCL-C3917"]
[Site "www.playchess.de"]
[Date "2006.01.18"]
[Round "14"]
[White "Milosforman"]
[Black "zemljanin"]
[WhiteElo "1003"]
[BlackElo "1461"]
[PlyCount "94"]
[Result "0-1"]

1.d4 d5 2.Nf3 Bf5 3.e3 a6 4.Bd3 Bxd3 5.Qxd3 Nc6 
6.a3 Nf6 7.Nbd2 e6 8.h3 Bd6 9.e4 Qe7 10.e5 Nxd4 
11.exd6 Nxf3+ 12.Nxf3 Qxd6 13.O-O Ne4 14.Ng5 Nc5 
15.Qf3 f6 16.Qh5+ g6 17.Qf3 fxg5 18.Bxg5 Rf8 
19.Qg3 Qxg3 20.fxg3 Kd7 21.Rxf8 Rxf8 22.h4 e5 
23.b4 Ne4 24.Rd1 c6 25.c4 Ke6 26.cxd5+ cxd5 27.a4 
Nxg5 28.hxg5 Rf5 29.b5 axb5 30.axb5 Rxg5 31.Kf2 
Rf5+ 32.Kg1 d4 33.g4 Rg5 34.Kh2 Rxg4 35.Kh3 Rf4 
{happy new year!}  36.g3 Rf3 37.Kg4 Rb3 38.b6 Rxb6 
39.Rc1 Rc6 40.Rb1 b6 41.Kg5 d3 42.Kh6 e4 43.Kxh7 
d2 44.Kxg6 e3 45.Kg5 e2 46.Rh1 e1Q 47.Rxe1+ 
dxe1Q 0-1

[Event "HCL-A2555"]
[Site "www.playchess.de"]
[Date "2006.01.18"]
[Round "8"]
[White "Mazarella"]
[Black "Maillard"]
[WhiteElo "1600"]
[BlackElo "1522"]
[PlyCount "48"]
[Result "0-1"]

1.d3 d5 {Bonne partie!}  2.Nd2 e5 3.Ngf3 Nc6 4.a3 
Nf6 5.Ra2 h6 6.c4 dxc4 7.Nxc4 Bd6 8.Nxd6+ Qxd6 
9.Nd2 Be6 10.Nc4 Bxc4 11.dxc4 Qxd1+ 12.Kxd1 Rd8+ 
13.Bd2 Ne4 14.Ke1 Nxd2 15.e3 Nb3 16.Be2 f5 17.Bh5+ 
Ke7 18.Bd1 Nca5 19.Ke2 Rd2+ 20.Ke1 Rhd8 21.Bf3 e4 
22.Be2 Nxc4 23.Bxc4 R2d1+ {merci pour la partie!}  
24.Ke2 R8d2+ 0-1

[Event "ACL-A653"]
[Site "www.playchess.de"]
[Date "2006.01.18"]
[Round "1"]
[White "Vasudevan"]
[Black "JEB_Stuart"]
[WhiteElo "1500"]
[BlackElo "1735"]
[PlyCount "32"]
[Result "0-1"]

1.d4 d5 {Hello and good luck! :-)}  2.e3 Nf6 3.Nc3 
e6 4.Bb5+ Nbd7 5.Nf3 Bd6 6.a3 c6 {Merry Christmas 
and Happy New Year!}  7.Ba4 O-O 8.Ng5 e5 9.dxe5 
Nxe5 10.h3 Qe7 11.f4 Nc4 12.Bb3 Nxe3 13.Bxe3 Qxe3+ 
14.Ne2 Bxf4 15.Nf3 Bg3+ 16.Kf1 
Qf2+ 0-1

[Event "HCL-C4063"]
[Site "www.playchess.de"]
[Date "2006.01.18"]
[Round "5"]
[White "Ulpe"]
[Black "Milosforman"]
[WhiteElo "1473"]
[BlackElo "878"]
[PlyCount "37"]
[Result "1-0"]

1.e4 c5 2.Nf3 d6 3.d4 cxd4 4.Nxd4 e5 5.Bb5+ Bd7 
6.Bxd7+ Qxd7 7.Ne2 g6 8.Nbc3 Bg7 9.Nd5 Nf6 10.Bh6 
Bxh6 11.Nxf6+ Ke7 12.Nxd7 Nxd7 13.O-O Rac8 14.Nc3 
Nf6 15.Nd5+ Nxd5 16.Qxd5 Rc7 17.Rad1 f5 18.Qxd6+ 
Ke8 19.Qxc7 1-0

[Event "HCL-M775"]
[Site "www.playchess.de"]
[Date "2006.01.18"]
[Round "4"]
[White "edmonte"]
[Black "spidey"]
[WhiteElo "2101"]
[BlackElo "1882"]
[PlyCount "85"]
[Result "1-0"]

1.e4 c5 {hello from new york city}  2.Nc3 Nc6 
3.Nf3 d6 4.d4 cxd4 5.Nxd4 Nf6 6.Bb5 Bd7 7.O-O e6 
8.Be3 Be7 9.Qe2 O-O 10.f4 Qc7 11.Bd3 a6 12.a3 Rac8 
13.Nb3 Na5 14.Nxa5 Qxa5 15.Rad1 Bc6 16.Bd4 e5 
17.Be3 exf4 18.Rxf4 Rfe8 19.Qf2 Qe5 20.Bc4 Bd7 
21.Bd4 Qg5 22.Bb3 Be6 23.Rf1 Ref8 24.Nd5 Bxd5 
25.exd5 Qg6 26.c3 Ne4 27.Rxe4 Qxe4 28.Re1 Qh4 
29.g3 Qg5 30.h4 Qg4 31.Rxe7 Rce8 32.Rxb7 Reb8 
33.Rxb8 Rxb8 34.Bc4 a5 35.b4 axb4 36.axb4 Re8 
37.b5 Qd1+ 38.Bf1 Qb1 39.b6 h6 40.Kh2 Ra8 41.Qf3 
Ra2+ 42.Bg2 Qb2 43.Kh3 1-0

[Event "HCL-A2544"]
[Site "www.playchess.de"]
[Date "2006.01.18"]
[Round "10"]
[White "jerrylaine"]
[Black "mitke"]
[WhiteElo "1585"]
[BlackElo "1337"]
[PlyCount "55"]
[Result "1-0"]

1.e4 {Greetings from Finland!}  d6 {Hello from 
Croatia}  2.d4 {I have play with Frane 
Repanic(CRO) in World Cup I was lost}  Nf6 3.Nc3 
g6 4.f4 Bg7 5.Nf3 c5 6.dxc5 Qa5 7.Bd3 Qxc5 8.Qe2 
Nc6 9.Be3 Qa5 10.O-O Bg4 11.h3 Bd7 12.a3 Nh5 
13.Qd2 f5 14.b4 Qd8 15.Rab1 e5 16.fxe5 Nxe5 
17.Nxe5 dxe5 18.Bg5 Qb6+ 19.Qf2 f4 20.Nd5 Qxf2+ 
21.Rxf2 O-O 22.Rd1 Bc6 23.Bc4 Kh8 24.b5 Bxd5 
25.Bxd5 Rab8 26.Be7 Rfe8 27.Bd6 Rbd8 
28.Bxb7 1-0

[Event "HCL-E1533"]
[Site "www.playchess.de"]
[Date "2006.01.18"]
[Round "26"]
[White "Abra"]
[Black "scylla"]
[WhiteElo "1500"]
[BlackElo "1461"]
[PlyCount "32"]
[Result "1/2-1/2"]

1.e4 {Hello again,gg
}  c5 2.Nf3 {Best wishes for 2006
}  d6 {ja
}  3.Bb5+ Bd7 4.Bxd7+ Nxd7 5.c4 Ngf6 6.d3 g6 7.O-O 
Bg7 8.Nc3 O-O 9.h3 Nh5 10.Nd5 Nhf6 11.Nxf6+ Nxf6 
12.a3 Nd7 13.Rb1 Ne5 14.b4 cxb4 15.axb4 a6 16.Bb2 
Nxf3+ {(offering draw)}  1/2-1/2

[Event "HCL-C4006"]
[Site "www.playchess.de"]
[Date "2006.01.18"]
[Round "8"]
[White "qqq"]
[Black "Jerry2005"]
[WhiteElo "1465"]
[BlackElo "1429"]
[PlyCount "51"]
[Result "1-0"]

1.d4 d5 2.c4 Nf6 3.Nc3 Bf5 4.Nf3 e6 5.Qa4+ c6 
6.Bg5 Be7 7.e3 h6 8.Bh4 O-O 9.Be2 Ne4 10.Bxe7 Qxe7 
11.O-O Bg4 12.Rfe1 f5 13.Ne5 Qf6 14.f3 Nxc3 
15.bxc3 Bh5 16.Rab1 f4 17.Rxb7 fxe3 18.Rxa7 Rxa7 
19.Qxa7 g5 20.Rb1 g4 21.Rxb8 gxf3 22.Rxf8+ Qxf8 
23.Nxf3 Qf5 24.Qb8+ Kg7 25.Qc7+ Bf7 
26.Qe5+ 1-0

[Event "HCL-B3819"]
[Site "www.playchess.de"]
[Date "2006.01.18"]
[Round "8"]
[White "VITAL"]
[Black "Snillie"]
[WhiteElo "1232"]
[BlackElo "1479"]
[PlyCount "71"]
[Result "1-0"]

1.e4 d6 2.Bc4 Nf6 3.Nc3 g6 4.h3 Bg7 5.Nf3 O-O 
6.Nd5 Nxe4 7.d3 Nf6 8.Qe2 e6 9.Nf4 Re8 10.O-O Nc6 
11.c3 Na5 12.Nh4 Nxc4 13.dxc4 g5 14.Nh5 gxh4 
15.Bg5 h6 16.Nxf6+ Bxf6 17.Bxh6 Bg5 18.Qg4 f6 
19.f4 e5 20.f5 Re7 21.Bxg5 Rg7 22.Bxf6 Qxf6 23.Qe4 
Qg5 24.c5 Bd7 25.Qxb7 Rf8 26.cxd6 cxd6 27.Qd5+ Kh8 
28.Rf2 Rxf5 29.Raf1 Rxf2 30.Rxf2 Bxh3 31.Rf8+ Kh7 
32.Qe4+ Qg6 33.Qxh4+ Qh6 34.Rh8+ Kxh8 35.Qxh6+ Kg8 
36.Qxh3 { das ende .danke.}  1-0

[Event "HCL-M831"]
[Site "www.playchess.de"]
[Date "2006.01.18"]
[Round "6"]
[White "RedBishop"]
[Black "Bronislaw"]
[WhiteElo "2165"]
[BlackElo "2189"]
[PlyCount "147"]
[Result "1/2-1/2"]

1.Nc3 {Hi, nice to meet you here. Good Luck!}  d6 
{Hello, nice to meet you too. Have a nice game!}  
2.e4 c5 3.f4 Nc6 4.Nf3 g6 5.Bc4 Bg7 6.O-O e6 7.d3 
Nge7 8.Bb3 O-O 9.Qe1 Na5 10.e5 Nec6 11.exd6 Nxb3 
12.axb3 Qxd6 13.Bd2 Nb4 14.Qc1 Qe7 15.Ne4 f6 
16.Bxb4 cxb4 17.c3 Bh6 18.Nfd2 Qc7 19.g3 Bg7 20.d4 
Qc6 21.Rf2 a6 22.Nc5 b6 23.Nd3 bxc3 24.Qxc3 Qd7 
25.Nc4 Rb8 26.Re1 Rd8 27.Rfe2 Qxd4+ 28.Qxd4 Rxd4 
29.Nb4 Rb7 30.Rc2 Bd7 31.Nxa6 Kf7 32.Nb4 Bf8 
33.Na2 h5 34.Nc3 Rb8 35.Rd2 Rxd2 36.Nxd2 Bc6 
37.Nce4 Bd5 38.Rc1 Rb7 39.Rc8 Be7 40.Kf2 Rd7 
41.Ke3 Bb7 42.Rb8 b5 43.h3 Kg7 44.Nf3 b4 45.Nfd2 
h4 46.gxh4 Ba6 47.Nc4 Bf8 48.Ra8 Bb7 49.Ra7 Bc6 
50.Ra6 {(offering draw)}  Rc7 {Sorry! Not yet.}  
51.Ncd6 {OK, we will see...}  Bd7 52.Rb6 Be7 
53.Kd4 Ra7 54.Nc5 Bf8 {(offering draw)}  55.Nb5 
{Now it is my time to say: not yet...:)}  e5+ {OK 
:)}  56.fxe5 fxe5+ 57.Kc4 Bxc5 58.Kxc5 Bxb5 
59.Rxb5 Re7 60.Rxb4 e4 61.Ra4 e3 {(offering draw)} 
 62.Ra1 {I like to test my rook ending skills..}  
e2 {OK  ;)}  63.Re1 {All the best in 2006!}  Kh6 
{I wish you Happy New Year and a lot of succes!}  
64.Kd4 Kh5 65.Kd3 Kxh4 66.Rxe2 Rd7+ 67.Kc4 Kxh3 
68.Re5 Rg7 69.b4 g5 70.b5 g4 71.Rh5+ Kg2 72.b6 g3 
73.Rb5 Rg4+ 74.Kd3 {(offering draw) I must face 
it, it looks like a draw...}  1/2-1/2

[Event "HCL-A2552"]
[Site "www.playchess.de"]
[Date "2006.01.18"]
[Round "3"]
[White "Mosaik"]
[Black "longbow37"]
[WhiteElo "1700"]
[BlackElo "1050"]
[PlyCount "78"]
[Result "0-1"]

1.e4 d5 2.e5 Nc6 3.Bb5 Bd7 4.Bxc6 Bxc6 5.d4 e6 
6.Nf3 Ne7 7.O-O Bb5 8.Re1 Nf5 9.c3 Be7 10.a4 Bc4 
11.Nbd2 O-O 12.Nxc4 dxc4 13.b4 cxb3 14.Qxb3 Qd5 
15.Qd1 Rad8 16.Bb2 Rd7 17.Qe2 Nh4 18.Nxh4 Bxh4 
19.c4 Qc6 20.Red1 h6 21.Qg4 Be7 22.d5 exd5 23.e6 
Bf6 24.Bxf6 fxe6 25.cxd5 exd5 26.Bd4 b6 27.Rdc1 
Qd6 28.g3 Re7 29.a5 c5 30.Be3 d4 31.Bf4 Qc6 
32.axb6 axb6 33.Ra4 Qxa4 34.Bd6 Rff7 35.Qc8+ Qe8 
36.Qg4 Re1+ 37.Rxe1 Qxe1+ 38.Kg2 Rxf2+ {checkmate 
in 3}  39.Kh3 Qf1+ 0-1

[Event "HCL-C4035"]
[Site "www.playchess.de"]
[Date "2006.01.18"]
[Round "1"]
[White "garden"]
[Black "O_Man"]
[WhiteElo "1034"]
[BlackElo "1156"]
[PlyCount "80"]
[Result "0-1"]

1.e4 c5 2.b3 d6 3.Bb5+ Bd7 4.Nc3 Nf6 5.d3 Bxb5 
6.Nxb5 Qa5+ 7.Nc3 Qxc3+ 8.Bd2 Qe5 9.Nf3 Qb2 10.O-O 
Nc6 11.Qc1 Qxc1 12.Raxc1 g6 13.Bc3 Bh6 14.Rce1 O-O 
15.e5 dxe5 16.Bxe5 Nxe5 17.Rxe5 b6 18.Rxe7 Nd5 
19.Re5 Nc3 20.d4 Rae8 21.dxc5 Rxe5 22.Nxe5 bxc5 
23.Nc6 a6 24.Re1 Nxa2 25.Ra1 Nb4 26.Ne7+ Kg7 27.c3 
Nd3 28.Rxa6 Re8 29.Ra7 Bg5 30.g3 Bxe7 31.Rd7 Nc1 
32.Rb7 Ne2+ 33.Kf1 Nxc3 34.Rd7 Bf6 35.Rd5 Rc8 
36.h4 c4 37.b4 Ne4 38.Kg2 c3 39.Kf3 c2 40.Rc5 
Nxc5 0-1